Normal view
MARC view
- الجرف القارى-قانون -العراق
Entry Topical Term
001 - CONTROL NUMBER
- control field: 58915
003 - CONTROL NUMBER IDENTIFIER
- control field: JO-AjAnu
005 - DATE AND TIME OF LATEST TRANSACTION
- control field: 20230606083634.0
008 - FIXED-LENGTH DATA ELEMENTS
- fixed length control field: 230606|| aca||aabn | a|a d
040 ## - CATALOGING SOURCE
- Original cataloging agency: JO-AjAnu
- Transcribing agency: JO-AjAnu
150 ## - HEADING--TOPICAL TERM
- Topical term or geographic name entry element: الجرف القارى-قانون -العراق
670 ## - SOURCE DATA FOUND
- Source citation: Work cat.: (JO-AjAnu)30053: العاني، محمد غضى صياح؛ اشراف طلال ياسين العيسى, author 58914, الأساس القانوني للجرف القاري وفق قواعد القانون الدولي المعاصر: دراسة تطبيقية في تحديد الجرف القاري(العراق نموذجا) = The legal Foundation for the Continental Shelf in Accordance With the Contemporary International Law Legal Rules Applied Study in Iraqi As Sample